Rozpis rozpočtu a zmeny rozpočtu

Rozpis schváleného rozpočtu a vykonávanie zmien rozpočtu v priebehu rozpočového roka. Téma zmien rozpočtu je v súčasnosti aktuálna z dôvodu potreby navyšovania bežných aj kapitálových výdavkov, čo je spôsobené rastom cien tovarov a služieb, najmä energií a stavebných materiálov. Znamená to, že samos...

Description complète

Enregistré dans:
Détails bibliographiques
Auteur principal: Konečná Veverková, Ingrid
Format: Chapitre de livre
Langue:slovaque
Sujets:
Tags: Ajouter un tag
Pas de tags, Soyez le premier à ajouter un tag!

MARC

LEADER 00000naa a2200000 4500
001 0291106
005 20240417075226.7
041 0 |a slo 
044 |a SK 
245 1 0 |a Rozpis rozpočtu a zmeny rozpočtu  |c Ingrid Konečná Veverková 
520 |a Rozpis schváleného rozpočtu a vykonávanie zmien rozpočtu v priebehu rozpočového roka. Téma zmien rozpočtu je v súčasnosti aktuálna z dôvodu potreby navyšovania bežných aj kapitálových výdavkov, čo je spôsobené rastom cien tovarov a služieb, najmä energií a stavebných materiálov. Znamená to, že samosprávy sú nútené pristupovať k vykonávaniu zmien rozpočtu častejšie ako v minulom období. 
610 2 0 |a rozpočtovanie 
610 2 0 |a rozpočet miestny 
610 2 0 |a zmennosť 
610 2 0 |a samospráva 
610 2 0 |a samospráva miestna 
610 2 0 |a samospráva regionálna 
610 2 0 |a výdavky 
100 1 |a Konečná Veverková, Ingrid